00731nam a2200181 a 45000010005000000030009000050080041000140200015000550400028000700820017000981000016001152450031001312600031001623000010001934900031002035050303002346500012005371123CO-ViMGA141112s2004 ck r 000 u spa d a8420606650 aCO-ViMGAbspacCO-ViMGA04a330.16 S547r1 aSmith, Adam10aLa riqueza de las naciones aMadrid : bAlianza, c1996 a818 p aEl libro de bolsillo, 1665 aDe las causas del progreso en la capacidadproductiva del trabajo y de la froma en que su producto se distribuye naturalmente entrew las distintas clases del pueblo 31 - - De la naturaleza, acumulación y empleo de capital 353 - - De los diferentes progresos de la riqueza en distintas naciones 48114aRIQUEZA